Online
Catalog

El arte de cocinar en casa : (Record no. 16183)

MARC details
000 -CABECERA
campo de control de longitud fija 00853nam a2200217 a 4500
001 - NÚMERO DE CONTROL
campo de control 000016650
005 - FECHA Y HORA DE LA ÚLTIMA TRANSACCIÓN
campo de control 20200929164937.0
008 - DATOS DE LONGITUD FIJA--INFORMACIÓN GENERAL
campo de control de longitud fija 100308s2002 dr ac r 000 0 spa d
040 ## - FUENTE DE LA CATALOGACIÓN
Centro catalogador/agencia de origen DO-SdBNP
Lengua de catalogación spa
Centro/agencia transcriptor BNPHU
082 ## - NÚMERO DE LA CLASIFICACIÓN DECIMAL DEWEY
Número de clasificación 641.597293
-- A786c
245 03 - MENCIÓN DE TÍTULO
Título El arte de cocinar en casa :
Resto del título 100 recetas de los mejores culinaristas de República Dominicana /
Mención de responsabilidad, etc. coordinación Laura Bergés de Alonso ; fotografías Luis Nova.
246 13 - FORMA VARIANTE DE TÍTULO
Título propio/Titulo breve Cien recetas de los mejores culinaristas de República Dominicana
260 ## - PUBLICACIÓN, DISTRIBUCIÓN, ETC.
Lugar de publicación, distribución, etc. Santo Domingo :
Nombre del editor, distribuidor, etc. Mercacid,
Fecha de publicación, distribución, etc. 2002.
300 ## - DESCRIPCIÓN FÍSICA
Extensión 141 p. :
Otras características físicas il., retrs. ;
Dimensiones 27 p.
590 ## - NOTA LOCAL (RLIN)
Nota local Inventariado, 2018/BT
650 #4 - PUNTO DE ACCESO ADICIONAL DE MATERIA--TÉRMINO DE MATERIA
Término de materia o nombre geográfico como elemento de entrada Cocina dominicana
9 (RLIN) 192
650 #4 - PUNTO DE ACCESO ADICIONAL DE MATERIA--TÉRMINO DE MATERIA
Término de materia o nombre geográfico como elemento de entrada Preparación de alimentos
9 (RLIN) 193
700 1# - PUNTO DE ACCESO ADICIONAL--NOMBRE DE PERSONA
Nombre de persona Bergés de Alonso, Laura
9 (RLIN) 36994
700 1# - PUNTO DE ACCESO ADICIONAL--NOMBRE DE PERSONA
Nombre de persona Nova, Luis,
Término indicativo de función/relación il.
9 (RLIN) 36995
910 ## - DATOS DE OPCIÓN DEL USUARIO (OCLC)
Datos de opción del usuario Validado. Control de calidad. MMOLINA
Holdings
Estado de retiro Estado de pérdida No para préstamo Código de colección Localización permanente Ubicación/localización actual Ubicación en estantería Fecha de adquisición Número de inventario Total de préstamos Signatura topográfica completa Código de barras Fecha visto por última vez Precio válido a partir de Tipo de ítem Koha Número de copia Fuente del sistema de clasificación o colocación Restricciones de uso
      Dominicana de Servicio Biblioteca Nacional Pedro Henríquez Ureña Biblioteca Nacional Pedro Henríquez Ureña Depósito 08.03.2010 LF1   641.597293 A786c 2023-7735 13.11.2023 25.06.2020 Libro e. 3 Dewey Decimal Classification Préstamo en sala
    Excluido de préstamo Patrimonio Dominicano Patrimonio Dominicano Patrimonio Dominicano Depósito 08.03.2010 LF1   641.597293 A786c 16650-10 25.06.2020 25.06.2020 Libro y Folleto Colección Patrimonio Dominicano      
    Excluido de préstamo Patrimonio Dominicano Patrimonio Dominicano Patrimonio Dominicano Depósito 08.03.2010 LF1   641.597293 A786c 16650-20 25.06.2020 25.06.2020 Libro y Folleto Colección Patrimonio Dominicano e. 2    

Powered by Koha